The pemmican eaters : poems /

Bibliographic Details
Main Author: Dumont, Marilyn, 1955- (Author)
Format: Book
Language:English
Published: Toronto, Ontario, Canada : ECW Press, [2015]
Subjects:

MARC

Tag First Indicator Second Indicator Subfields
LEADER 00000cam a2200000Ii 4500
001 in00003530682
005 20151007085544.0
008 141205s2015 onc b 000 p eng
010 |a  2014455743 
035 |a (OCoLC)ocn884816371 
040 |a NLC  |b eng  |e rda  |c NLC  |d BTCTA  |d BDX  |d OCLCO  |d OCLCF  |d CDX  |d MT4IT  |d DLC  |d LTSCA  |d YDXCP  |d IQU 
016 |a 20149076290 
020 |a 9781770412415 (pbk.) 
020 |a 1770412417 (pbk.) 
020 |z 9781770907218 (pdf) 
020 |z 1770907211 (pdf) 
020 |z 9781770907225 (ePub) 
020 |z 177090722X (ePub) 
035 |a (OCoLC)884816371 
050 0 4 |a PR9199.3.D8465  |b P46 2015 
055 0 |a PS8557 U53633  |b P44 2015 
082 0 4 |a C811/.54  |2 23 
049 |a TXAM 
100 1 |a Dumont, Marilyn,  |d 1955-  |e author. 
240 1 0 |a Poems.  |k Selections 
245 1 4 |a The pemmican eaters :  |b poems /  |c Marilyn Dumont. 
264 1 |a Toronto, Ontario, Canada :  |b ECW Press,  |c [2015] 
264 4 |c ©2015 
300 |a 66 pages ;  |c 22 cm 
336 |a text  |b txt  |2 rdacontent 
337 |a unmediated  |b n  |2 rdamedia 
338 |a volume  |b nc  |2 rdacarrier 
500 |a "A misFit book." 
500 |a Poems. 
504 |a Includes bibliographical references. 
530 |a Issued also in electronic format. 
541 0 |a Poetry browsing collection: gift of Eleanor Weinbaum family. 
600 1 0 |a Riel, Louis,  |d 1844-1885  |v Poetry. 
650 0 |a Métis  |x History  |v Poetry. 
600 1 7 |a Riel, Louis,  |d 1844-1885.  |2 fast  |0 (OCoLC)fst00052671 
650 7 |a Métis.  |2 fast  |0 (OCoLC)fst01031977 
655 7 |a History.  |2 fast  |0 (OCoLC)fst01411628 
655 7 |a Poetry.  |2 fast  |0 (OCoLC)fst01423828 
776 1 |a Dumont, Marilyn, author.  |t Pemmican eaters.  |w (CaOONL)20149076304 
948 |a cataloged  |b h  |c 2015/8/12  |d c  |e ceaton  |f 8:45:40 am 
994 |a C0  |b TXA 
999 f f |s 06c15fd7-3471-36c9-b09c-61f980fdbcd6  |i 0d638288-082a-3a7f-9906-0f5a46029985  |t 0 
952 f f |p normal  |a Texas A&M University  |b College Station  |c Sterling C. Evans Library  |d Evans: Weinbaum Poetry Collection (1st floor)  |t 0  |e PR9199.3.D8465 P46 2015  |h Library of Congress classification  |i unmediated -- volume  |m A14843130437 
998 f f |a PR9199.3.D8465 P46 2015  |t 0  |l Evans: Weinbaum Poetry Collection (1st floor)